LEADER 00794nam a2200205 i 4500 001 000000170531 003 CaOOAMICUS 005 20080401000000.0 008 080401s1913 it u000 u ita u 013 $a147942 040 $aSeMil$bita 100 1 $aHeine, Heinrich,$d<1797-1856>.$0(OLS)http://semarc/name/7584 245 13$aIl Canzoniere /$cEnrico Heine ; traduzione di Bernardino Zendrini. 260 $aSesto S. Giovanni :$bMadella,$c1913. 300 $a351 p. ;$c20 cm. 700 1 $aZendrini, Bernardino.$0(OLS)http://semarc/name/11361 850 $aSeMil 852 $aSeMil$W1$xVenegono$y1$m1V IV 44$j121415$B121415$CSeMilBibl$Z2$F132784 $81 996 $6245$aIl Canzoniere$9(OLS)http://semarc/title/165479 996 $6260$aSesto S. Giovanni :$bMadella$9(OLS)http://semarc/publisher/35062 LEADER 01154nam a2200265 i 4500 001 000000071851 003 CaOOAMICUS 005 20090120000000.0 008 090120s1967 it u000 u ita u 013 $a43023 040 $aSeMil$bita 100 1 $aWeizsäcker, Carl Friedrich : von,$d<1912-2007>.$0(OLS)http://semarc/name/8889 240 10$aZum Weltbild der Physik.$0(OLS)http://semarc/title/115682 245 12$aL'immagine fisica del mondo /$cCarl Friedrich von Weizsäcker ; a cura di Domenico Campanale. 260 $aMilano :$bFabbri,$cc1967. 300 $a419 p. ;$c25 cm. 490 0 $aFilosofi contemporanei ;$v10 650 4$aFisica e filosofia.$0(OLS)http://semarc/subject/10524 650 4$aCosmologia.$0(OLS)http://semarc/subject/1855 700 1 $aCampanale, Domenico.$0(OLS)http://semarc/name/8901 830 0$aFilosofi contemporanei ;$v10.$0(OLS)http://semarc/title/7729 850 $aSeMil 852 $aSeMil$W1$xVenegono$y1$m2P VI 606$j233542$B38004$CSeMilBibl$Z2$F38007 $81 996 $6245$aL'immagine fisica del mondo$9(OLS)http://semarc/title/115681 996 $6260$aMilano :$bFabbri$9(OLS)http://semarc/publisher/30054